000 00684nam a22001937a 4500
005 20100816101639.0
010 _aENG-100539
020 _c50.00
035 _aEN-84072
037 _bDBAD/PUB
082 _a331.4095431
100 _aMeera, A.
_922058
245 _aProblems faced by woman workers in coimbatore /
_cby A. Meera
260 _aCoimbatore
_bGaruda Publications
_c2008
270 _a79A, D.B. Road, R.S. Puram
_bCoimbatore
_e641002
300 _a107p.
_c21cm (pbk)
942 _2ddc
_cEN
_h331.4095431
_mMEE
999 _c42042
_d42042